Adiós a la teoría de la dependencia

Uloženo v:
Podrobná bibliografie
Hlavní autor: Imaz, José Luis de
Médium: Text
Vydáno: San José :
Tagy: Přidat tag
Žádné tagy, Buďte první, kdo vytvoří štítek k tomuto záznamu!

MARC

LEADER 00000 a a2200000 04500
001 17697
003
040 |a CRAI/IIS  |c CRAI/IIS 
090 |a 000700  
100 |a Imaz, José Luis de  
245 |a Adiós a la teoría de la dependencia  
260 |a San José :  
300 |a 32 p  
999 |c 16138  |d 16138